[Event "4th Int. Chess Festival ad Gredine Open "]
[Site "Ortisei - St. Ulrich"]
[Date "2018.06.17"]
[Round "2"]
[White "Kumar, Nikhil"]
[Black "Santos Latasa, Jaime"]
[Result "0-1"]
[WhiteElo "2286"]
[BlackElo "2567"]
[PlyCount "72"]
[EventDate "2018.06.16"]

1. d4 Nf6 2. c4 e6 3. Nf3 d5 4. g3 Bb4+ 5. Nbd2 dxc4 6. Qc2 O-O 7. Bg2 a5 8.
O-O b5 9. a4 c6 10. b3 cxb3 11. Nxb3 bxa4 12. Rxa4 Ba6 13. Ne5 Bb5 14. Ra2 Nd5
15. Bd2 Bxd2 16. Qxd2 a4 17. Nc5 Na6 18. Rc1 Nxc5 19. Rxc5 Qd6 20. Bxd5 exd5
21. Qc3 Ra6 22. Rc2 a3 23. Ra2 Rfa8 24. e3 Qe6 25. Nf3 h5 26. Qc1 Bc4 27. Ra1
a2 28. Nd2 Bb5 29. Nb3 h4 30. Rc3 Qf5 31. Nd2 g6 32. Rc5 hxg3 33. fxg3 Kg7 34.
e4 Qg4 35. Qc3 Ra3 36. Qc1 Rxg3+ 0-1

[Event "4th Int. Chess Festival ad Gredine Open "]
[Site "Ortisei - St. Ulrich"]
[Date "2018.06.17"]
[Round "2"]
[White "Tarlev, Konstantin"]
[Black "Fischer, Daniel"]
[Result "1-0"]
[WhiteElo "2552"]
[BlackElo "2263"]
[PlyCount "95"]
[EventDate "2018.06.16"]

1. Nf3 d5 2. d4 Nf6 3. c4 e6 4. Nc3 Be7 5. Bg5 h6 6. Bh4 O-O 7. e3 b6 8. Bd3
Bb7 9. O-O dxc4 10. Bxc4 c5 11. Qe2 cxd4 12. Nxd4 Ne4 13. Bxe7 Qxe7 14. Nxe4
Bxe4 15. Qg4 Bb7 16. Rad1 Nc6 17. Nf3 Rfd8 18. Qf4 Rxd1 19. Rxd1 Rd8 20. Rxd8+
Qxd8 21. h3 Qd1+ 22. Kh2 Qc2 23. Qc7 Qxc4 24. Qxb7 g6 25. Qc8+ Kg7 26. Nd4 Na5
27. Qxc4 Nxc4 28. b3 Nd6 29. Nc6 a5 30. Kg3 Kf6 31. f4 Ne4+ 32. Kf3 Nc5 33. e4
Nd3 34. e5+ Kg7 35. a3 Nc1 36. Nd4 Na2 37. Ne2 b5 38. Ke3 b4 39. a4 g5 40. fxg5
hxg5 41. Nd4 Nc3 42. Nc6 Nd5+ 43. Kf3 Nf4 44. Nxa5 Nd3 45. Ke4 Nc1 46. Ke3 f6
47. Kd2 Na2 48. Nc6 1-0

[Event "4th Int. Chess Festival ad Gredine Open "]
[Site "Ortisei - St. Ulrich"]
[Date "2018.06.17"]
[Round "2"]
[White "Dittmar, Peter"]
[Black "Moroni, Luca Jr"]
[Result "0-1"]
[WhiteElo "2252"]
[BlackElo "2549"]
[PlyCount "46"]
[EventDate "2018.06.16"]

1. d4 d5 2. c4 e6 3. Nc3 Nf6 4. cxd5 exd5 5. Bg5 c6 6. e3 h6 7. Bh4 Be6 8. Bd3
Nbd7 9. Nge2 g5 10. Bg3 Nh5 11. Be5 Ng7 12. Qc2 h5 13. h4 Nxe5 14. dxe5 gxh4
15. f4 Bg4 16. Nd4 Bc5 17. e6 Nxe6 18. Nxe6 fxe6 19. Bg6+ Kf8 20. Ne2 Bxe3 21.
Qc3 d4 22. Qc5+ Kg7 23. Bd3 Rf8 0-1

[Event "4th Int. Chess Festival ad Gredine Open "]
[Site "Ortisei - St. Ulrich"]
[Date "2018.06.17"]
[Round "2"]
[White "Praggnanandhaa, R."]
[Black "Thiel, Thomas"]
[Result "1-0"]
[WhiteElo "2529"]
[BlackElo "2261"]
[PlyCount "56"]
[EventDate "2018.06.16"]

1. e4 c6 2. d4 d5 3. exd5 cxd5 4. Bd3 Nc6 5. c3 Qc7 6. h3 g6 7. Nf3 Nf6 8. O-O
Bg7 9. Re1 O-O 10. Na3 Bf5 11. Bxf5 gxf5 12. Ne5 Nxe5 13. dxe5 Nd7 14. Qxd5 e6
15. Qd3 Bxe5 16. Nb5 Qc6 17. Bh6 Rfd8 18. Rad1 Bf6 19. Qg3+ Kh8 20. Nd6 Ne5 21.
Bg5 Bxg5 22. Qxe5+ Kg8 23. Rd3 h6 24. Red1 Qa4 25. Rd4 Qc2 26. R1d3 Rd7 27.
Nxf5 Qc1+ 28. Kh2 exf5 1-0

[Event "4th Int. Chess Festival ad Gredine Open "]
[Site "Ortisei - St. Ulrich"]
[Date "2018.06.17"]
[Round "2"]
[White "Curien, Nicolas"]
[Black "Kveinys, Aloyzas"]
[Result "1/2-1/2"]
[WhiteElo "2204"]
[BlackElo "2519"]
[PlyCount "62"]
[EventDate "2018.06.16"]

1. d4 d5 2. Bf4 c5 3. e3 Nc6 4. c3 Nf6 5. Nd2 Qb6 6. Qb3 c4 7. Qc2 g6 8. e4
Nxe4 9. Nxe4 dxe4 10. Bxc4 Bg7 11. Be3 Qa5 12. Ne2 O-O 13. Qxe4 Bf5 14. Qf3
Rac8 15. Bb3 e5 16. O-O Bd3 17. Rfe1 Bxe2 18. Rxe2 exd4 19. cxd4 Nxd4 20. Bxd4
Bxd4 21. Qxb7 Rc7 22. Qe4 Bf6 23. Qf3 Kg7 24. Rd1 Rfc8 25. g3 Rc1 26. Rxc1
Rxc1+ 27. Kg2 Qc7 28. Qe4 Rc5 29. Rc2 Rxc2 30. Qxc2 Qxc2 31. Bxc2 Bxb2 1/2-1/2

[Event "4th Int. Chess Festival ad Gredine Open "]
[Site "Ortisei - St. Ulrich"]
[Date "2018.06.17"]
[Round "2"]
[White "Movileanu, Daniela"]
[Black "Kindermann, Stefan"]
[Result "0-1"]
[WhiteElo "2199"]
[BlackElo "2506"]
[PlyCount "76"]
[EventDate "2018.06.16"]

1. e4 e6 2. d4 d5 3. Nd2 h6 4. Ngf3 Nf6 5. e5 Nfd7 6. Bd3 c5 7. c3 Nc6 8. a3 c4
9. Bc2 b5 10. Nf1 Nb6 11. Ng3 Be7 12. h4 Bd7 13. Nh5 g6 14. Nf4 Qc7 15. Be3
O-O-O 16. Nd2 Rdg8 17. Qf3 Be8 18. g4 a5 19. b4 cxb3 20. Bxb3 a4 21. Bc2 Na5
22. Nb1 Nbc4 23. Ke2 Nxe3 24. fxe3 Nc4 25. Nd3 Rf8 26. Nf4 Qd8 27. Qf2 Qb6 28.
Qg3 f6 29. exf6 Rxf6 30. Rg1 g5 31. Nh5 Bxh5 32. gxh5 Rhf8 33. hxg5 Rf2+ 34.
Qxf2 Rxf2+ 35. Kxf2 Bxg5 36. Ke1 Qd6 37. Nd2 Qh2 38. Nf3 Bh4+ 0-1

[Event "4th Int. Chess Festival ad Gredine Open "]
[Site "Ortisei - St. Ulrich"]
[Date "2018.06.17"]
[Round "2"]
[White "Gholami, Aryan"]
[Black "Jaracz, Barbara"]
[Result "1-0"]
[WhiteElo "2490"]
[BlackElo "2246"]
[PlyCount "79"]
[EventDate "2018.06.16"]

1. Nf3 d5 2. g3 Nf6 3. Bg2 g6 4. c4 c6 5. b3 Bg7 6. Bb2 O-O 7. O-O Nbd7 8. d3
Re8 9. Nc3 e5 10. cxd5 cxd5 11. e4 d4 12. Nb5 Nb8 13. a4 Nc6 14. Ba3 Bf8 15.
Nd2 a6 16. Bxf8 Rxf8 17. Na3 Be6 18. Rc1 Qe7 19. Nac4 Qb4 20. f4 Ng4 21. Qe2
exf4 22. gxf4 f5 23. e5 Ne7 24. h3 Nh6 25. Qf2 Rad8 26. Nf3 Nc6 27. Ng5 Qe7 28.
Nxe6 Qxe6 29. Nd6 Rxd6 30. exd6 Qxd6 31. Rc4 Rd8 32. Rfc1 Nb4 33. Qd2 Nd5 34.
Rxd4 Qb6 35. Qf2 Nb4 36. Rxd8+ Qxd8 37. Qe3 Qd7 38. Qb6 Qxd3 39. Rc8+ Kg7 40.
Qxb7+ 1-0

[Event "4th Int. Chess Festival ad Gredine Open "]
[Site "Ortisei - St. Ulrich"]
[Date "2018.06.17"]
[Round "2"]
[White "Podetti, Davide"]
[Black "Tan, Justin"]
[Result "0-1"]
[WhiteElo "2186"]
[BlackElo "2484"]
[PlyCount "106"]
[EventDate "2018.06.16"]

1. d4 d5 2. Bf4 Nf6 3. e3 e6 4. Nd2 c5 5. c3 Nc6 6. Ngf3 Bd6 7. Bg3 O-O 8. Bd3
b6 9. Ne5 Bb7 10. f4 Ne7 11. Qf3 Nf5 12. Bf2 Be7 13. Ng4 Nd6 14. Nxf6+ Bxf6 15.
O-O a5 16. Qe2 c4 17. Bc2 b5 18. g4 Be7 19. g5 b4 20. Be1 Nf5 21. Rf3 Qb6 22.
Rb1 a4 23. Rh3 b3 24. Bxf5 exf5 25. a3 Rfe8 26. Bf2 Qe6 27. Re1 Bd6 28. Qf3 Bc6
29. Re2 Rab8 30. Re1 Re7 31. Rb1 Rbe8 32. Re1 Qg6 33. Kh1 Rc7 34. Rg1 Rcc8 35.
Qd1 Kf8 36. Nf3 Ke7 37. Kg2 Rh8 38. Kf1 Qe6 39. Qb1 Qe4 40. Qxe4+ fxe4 41. Ne5
Be8 42. Rhg3 f6 43. gxf6+ gxf6 44. Ke1 fxe5 45. fxe5 Bb8 46. Rg7+ Ke6 47. Bh4
Rc7 48. Bf6 Rf8 49. Rxc7 Bxc7 50. Rg7 Bf7 51. Rxh7 Rg8 52. Kf2 Bd6 53. Rh6 Bg6
0-1

[Event "4th Int. Chess Festival ad Gredine Open "]
[Site "Ortisei - St. Ulrich"]
[Date "2018.06.17"]
[Round "2"]
[White "Jaracz, Pawel"]
[Black "Lorscheid, Gerhard"]
[Result "1-0"]
[WhiteElo "2467"]
[BlackElo "2200"]
[PlyCount "75"]
[EventDate "2018.06.16"]

1. d4 d6 2. Nf3 Nf6 3. c4 Nbd7 4. Nc3 e5 5. Bg5 Be7 6. e3 c6 7. Be2 Qa5 8. Bh4
Ne4 9. Bxe7 Kxe7 10. O-O Nxc3 11. bxc3 e4 12. Nd2 Nf6 13. c5 dxc5 14. Nb3 Qxc3
15. Rc1 Qb4 16. Nxc5 b6 17. Nb3 Qd6 18. Nd2 Be6 19. Nc4 Bxc4 20. Rxc4 Rhd8 21.
Qc2 Rac8 22. Rc1 g6 23. Rxc6 Rxc6 24. Qxc6 Qxc6 25. Rxc6 Rd6 26. Rc8 Rd8 27.
Rc2 Ne8 28. Bb5 a5 29. a4 Rb8 30. g4 Nd6 31. Rc7+ Kf6 32. Ba6 h6 33. h4 Ke6 34.
Kg2 g5 35. h5 Ra8 36. Bb7 Rb8 37. Bc6 f5 38. Rh7 1-0

[Event "4th Int. Chess Festival ad Gredine Open "]
[Site "Ortisei - St. Ulrich"]
[Date "2018.06.17"]
[Round "2"]
[White "Schnelzer, Reinhold"]
[Black "Sonis, Francesco"]
[Result "1/2-1/2"]
[WhiteElo "2182"]
[BlackElo "2448"]
[PlyCount "100"]
[EventDate "2018.06.16"]

1. d4 d5 2. c4 c6 3. cxd5 cxd5 4. Nc3 Nf6 5. Bf4 Nc6 6. e3 Bf5 7. Qb3 Na5 8.
Qa4+ Bd7 9. Qc2 Rc8 10. Bd3 b5 11. a3 e6 12. Nf3 Nc4 13. O-O Be7 14. h3 O-O 15.
Ne5 Be8 16. Qe2 Qb6 17. Rfc1 Nd7 18. Nf3 Nf6 19. Ne5 Nd6 20. Na2 Rxc1+ 21. Rxc1
a5 22. Qc2 Nc4 23. a4 bxa4 24. Nxc4 dxc4 25. Bxc4 Bc6 26. Nc3 Rc8 27. Nxa4 Bxa4
28. Qxa4 Qxb2 29. Rc2 Qb1+ 30. Kh2 Qb4 31. Qa2 a4 32. Be5 Nd7 33. Bd3 Rc3 34.
Rxc3 Qxc3 35. Qxa4 Nxe5 36. Qe8+ Bf8 37. Bxh7+ Kxh7 38. Qxf8 Ng6 39. Qxf7 Qc6
40. g4 Qd5 41. Kg3 Qd6+ 42. f4 Nf8 43. h4 Qa3 44. Kf3 Qa8+ 45. Kg3 Qa3 46. Kf3
Qd6 47. h5 Qd5+ 48. Kf2 Qa2+ 49. Kf3 Qd5+ 50. Kf2 Qa2+ 1/2-1/2

[Event "4th Int. Chess Festival ad Gredine Open "]
[Site "Ortisei - St. Ulrich"]
[Date "2018.06.17"]
[Round "2"]
[White "Solomon, Kenny"]
[Black "Arne, Mike"]
[Result "1-0"]
[WhiteElo "2419"]
[BlackElo "2181"]
[PlyCount "79"]
[EventDate "2018.06.16"]

1. d4 d5 2. Nf3 c5 3. c4 cxd4 4. cxd5 Qa5+ 5. Qd2 Qxd5 6. Nc3 Qa5 7. Nxd4 Nf6
8. g3 e5 9. Nb3 Qc7 10. Bg2 Nc6 11. Nb5 Qb8 12. O-O a6 13. Nc3 Be6 14. Qd1 Qc7
15. Bg5 Rd8 16. Qb1 Be7 17. Rd1 O-O 18. Bxf6 Bxf6 19. Nc5 Rxd1+ 20. Qxd1 Rd8
21. Qa4 Rd4 22. Nxe6 fxe6 23. Qb3 Qd7 24. Ne4 Be7 25. Bh3 Rd5 26. Nc3 Rd6 27.
e3 Kf7 28. Qc2 g6 29. Ne4 Rd5 30. a3 Nd8 31. Bf1 Qc6 32. Qe2 Kg7 33. Bg2 Qb5
34. Qc2 Qd3 35. Qc7 Rd7 36. Qxe5+ Kg8 37. h4 Rd5 38. Qc7 Kf8 39. Ng5 Rf5 40.
Be4 1-0

[Event "4th Int. Chess Festival ad Gredine Open "]
[Site "Ortisei - St. Ulrich"]
[Date "2018.06.17"]
[Round "2"]
[White "Hoffmann, Sebastian"]
[Black "Herzog, Adolf"]
[Result "1/2-1/2"]
[WhiteElo "2105"]
[BlackElo "2344"]
[PlyCount "70"]
[EventDate "2018.06.16"]

1. e4 e6 2. Qe2 Nf6 3. g3 d5 4. d3 Nc6 5. Bg2 dxe4 6. dxe4 e5 7. Nf3 Bg4 8. c3
Bd6 9. O-O Qd7 10. Rd1 O-O 11. Na3 Rad8 12. Nc4 Qe6 13. Nxd6 Rxd6 14. Rxd6 Qxd6
15. h3 Bc8 16. Bg5 Rd8 17. Bxf6 Qxf6 18. Rd1 Rd6 19. Rxd6 Qxd6 20. Qd2 Kf8 21.
Qxd6+ cxd6 22. Kf1 Be6 23. b3 Ke7 24. Ke2 f6 25. Ke3 Nb8 26. Ne1 Nd7 27. Nd3 a5
28. Nb2 Nc5 29. b4 Na6 30. a3 Nc7 31. Bf1 d5 32. exd5 Nxd5+ 33. Kd3 axb4 34.
cxb4 Bf5+ 35. Kc4 Kd6 1/2-1/2

[Event "4th Int. Chess Festival ad Gredine Open "]
[Site "Ortisei - St. Ulrich"]
[Date "2018.06.17"]
[Round "2"]
[White "Cappelletto, Joshuaede"]
[Black "Hecht, Hans-Joachim"]
[Result "0-1"]
[WhiteElo "2000"]
[BlackElo "2327"]
[PlyCount "44"]
[EventDate "2018.06.16"]

1. e4 d6 2. Nc3 g6 3. d4 Bg7 4. h4 Nf6 5. Be2 Nc6 6. h5 gxh5 7. f3 e5 8. d5 Ne7
9. Bg5 Ng6 10. Rxh5 h6 11. Bb5+ Kf8 12. Bh4 Nxh4 13. Rxh4 Nxd5 14. Nxd5 Qxh4+
15. g3 Qxg3+ 16. Ke2 Qg2+ 17. Ke3 Qg5+ 18. Kf2 Qd8 19. Ne3 c6 20. Bc4 h5 21.
Ne2 Bh6 22. Qh1 Qb6 0-1

[Event "4th Int. Chess Festival ad Gredine Open "]
[Site "Ortisei - St. Ulrich"]
[Date "2018.06.17"]
[Round "2"]
[White "Pruijssers, Roeland"]
[Black "Zucchelli, Massimo"]
[Result "1-0"]
[WhiteElo "2514"]
[BlackElo "2089"]
[PlyCount "97"]
[EventDate "2018.06.16"]

1. e4 e6 2. d3 c5 3. g3 Nc6 4. Bg2 g6 5. Ne2 Bg7 6. Nbc3 Nge7 7. Bg5 d6 8. Qd2
h6 9. Be3 Nd4 10. O-O Qa5 11. Qc1 Bd7 12. a3 Bc6 13. Rb1 Qc7 14. b4 b6 15. Qd2
Qd7 16. f4 O-O 17. g4 f5 18. gxf5 exf5 19. Ng3 d5 20. bxc5 bxc5 21. e5 Ne6 22.
d4 c4 23. Rb4 a5 24. Rb2 Rfb8 25. Rfb1 Rxb2 26. Rxb2 Bf8 27. Bf3 Kh7 28. Qg2
Rd8 29. Nge2 Ng8 30. Rb6 Nc7 31. a4 Ne7 32. Nb5 Bxb5 33. axb5 Nxb5 34. Bf2 Qe8
35. Bh4 Rb8 36. Ra6 Nc7 37. Rxa5 Rb1+ 38. Kf2 Qc6 39. Ra2 Qb7 40. c3 Qb3 41.
Ra7 Qb6 42. Rxc7 Qxc7 43. Bxd5 Nxd5 44. Qxd5 Ba3 45. Bf6 Rb7 46. h4 Bf8 47. h5
Rb6 48. hxg6+ Kxg6 49. Bd8 1-0

[Event "4th Int. Chess Festival ad Gredine Open "]
[Site "Ortisei - St. Ulrich"]
[Date "2018.06.17"]
[Round "2"]
[White "Volkov, Dmitriy"]
[Black "Wecker, Martin"]
[Result "1/2-1/2"]
[WhiteElo "2334"]
[BlackElo "2143"]
[PlyCount "76"]
[EventDate "2018.06.16"]

1. e4 c5 2. Nf3 e6 3. d4 cxd4 4. Nxd4 Nc6 5. Nc3 Qc7 6. Be3 a6 7. Qf3 Bd6 8.
O-O-O Be5 9. Nxc6 bxc6 10. Bd4 Nf6 11. Bxe5 Qxe5 12. Qe3 O-O 13. Be2 d5 14. f4
Qc7 15. Bf3 Bb7 16. Rhe1 Rfe8 17. e5 Nd7 18. Na4 c5 19. c4 d4 20. Qe2 Rab8 21.
Bxb7 Rxb7 22. b3 f6 23. Rd3 fxe5 24. fxe5 Rf8 25. Rf3 Rbb8 26. Rxf8+ Rxf8 27.
Nb2 a5 28. Kc2 Rf5 29. Nd3 a4 30. Rf1 axb3+ 31. axb3 Rxf1 32. Qxf1 Qa5 33. Kb2
Qc3+ 34. Ka2 Qd2+ 35. Ka3 Qa5+ 36. Kb2 Qc3+ 37. Ka2 Qd2+ 38. Ka3 Qa5+ 1/2-1/2

[Event "4th Int. Chess Festival ad Gredine Open "]
[Site "Ortisei - St. Ulrich"]
[Date "2018.06.17"]
[Round "2"]
[White "Stelzer, Harald"]
[Black "Hansson, Hakan"]
[Result "0-1"]
[WhiteElo "2227"]
[BlackElo "1978"]
[PlyCount "98"]
[EventDate "2018.06.16"]

1. e4 e6 2. d4 d5 3. Nc3 Nf6 4. e5 Nfd7 5. f4 g6 6. Nf3 a6 7. Be3 c5 8. Qd2 Nc6
9. Nd1 c4 10. Nf2 b5 11. g4 Bb4 12. c3 Be7 13. f5 gxf5 14. gxf5 exf5 15. Bh3
Nf8 16. O-O Be6 17. Bg2 Qd7 18. Nh3 O-O-O 19. b4 Ng6 20. a4 Kb7 21. Nf4 Nxf4
22. Bxf4 Rhg8 23. Kh1 Ra8 24. Ne1 Qd8 25. Nc2 Qd7 26. Ne3 Rad8 27. Bh3 Ra8 28.
Ra2 Rgd8 29. Nc2 Rg8 30. Qe2 bxa4 31. Ne3 Na7 32. Qc2 Nb5 33. Bg2 Qc6 34. Raa1
a3 35. Nxf5 Bxf5 36. Qxf5 Qe6 37. Qc2 Raf8 38. Bc1 Rg6 39. Bxa3 Nxa3 40. Rxa3
Rfg8 41. Bf3 Kb8 42. Raa1 Bg5 43. b5 Qh3 44. Bxd5 Be3 45. Qe2 a5 46. Rae1 Rg3
47. e6 fxe6 48. Bxe6 Qxe6 49. Qh5 Qe4+ 0-1

[Event "4th Int. Chess Festival ad Gredine Open "]
[Site "Ortisei - St. Ulrich"]
[Date "2018.06.17"]
[Round "2"]
[White "Landi, Alberto"]
[Black "Chennaoui, Yasin"]
[Result "1/2-1/2"]
[WhiteElo "2198"]
[BlackElo "2002"]
[PlyCount "75"]
[EventDate "2018.06.16"]

1. e4 e5 2. Nf3 Nf6 3. Nxe5 d6 4. Nf3 Nxe4 5. Nc3 Nf6 6. d4 Be7 7. Bd3 Bg4 8.
h3 Bh5 9. Bf4 Nbd7 10. Qe2 O-O 11. O-O-O Nb6 12. g4 Bg6 13. Bxg6 hxg6 14. Kb1
c6 15. Rhg1 Nfd5 16. Nxd5 Nxd5 17. Bd2 b5 18. h4 b4 19. Qd3 Rb8 20. Ka1 Qa5 21.
Rde1 Rb6 22. h5 Ra6 23. Qb3 g5 24. Bxg5 Bxg5 25. Nxg5 Nf6 26. Ne4 Nxe4 27. Rxe4
c5 28. dxc5 Qxc5 29. Rxb4 Qxf2 30. Rc1 Qd2 31. Kb1 Rxa2 32. Qxa2 Qxb4 33. Qxa7
Qxg4 34. h6 g6 35. Qe7 Qh5 36. Qxd6 Qxh6 37. Qd5 Rb8 38. Qe5 1/2-1/2

[Event "4th Int. Chess Festival ad Gredine Open "]
[Site "Ortisei - St. Ulrich"]
[Date "2018.06.17"]
[Round "2"]
[White "Lumachi, Gabriele"]
[Black "Moroder, Stefan"]
[Result "1/2-1/2"]
[WhiteElo "1989"]
[BlackElo "2183"]
[PlyCount "72"]
[EventDate "2018.06.16"]

1. e4 c5 2. Nf3 d6 3. d4 cxd4 4. Nxd4 Nf6 5. Nc3 a6 6. Bg5 Nbd7 7. f4 Qc7 8.
Qe2 e5 9. Nf5 h6 10. Bxf6 Nxf6 11. Ne3 Be7 12. Ned5 Nxd5 13. Nxd5 Qa5+ 14. b4
Qd8 15. f5 Bd7 16. Qg4 Bf6 17. Bc4 Bc6 18. O-O Rc8 19. Kh1 Bxd5 20. Bxd5 Rxc2
21. Bxb7 Qb6 22. Qd1 Rc4 23. Bd5 Rxb4 24. Rc1 O-O 25. Rc6 Qb5 26. Rxd6 Rb8 27.
h3 Rd4 28. Qf3 Rc8 29. a4 Rxa4 30. Rd1 Rd4 31. Ra1 Qb2 32. Rdxa6 Rc1+ 33. Rxc1
Qxc1+ 34. Kh2 Bg5 35. Ra2 Bf4+ 36. g3 Rd2+ 1/2-1/2

[Event "4th Int. Chess Festival ad Gredine Open "]
[Site "Ortisei - St. Ulrich"]
[Date "2018.06.17"]
[Round "2"]
[White "Karl, Hans"]
[Black "Bertagnolli, Alexander"]
[Result "0-1"]
[WhiteElo "2078"]
[BlackElo "2398"]
[PlyCount "70"]
[EventDate "2018.06.16"]

1. e4 c6 2. d4 d5 3. Nc3 g6 4. Nf3 Bg7 5. Be2 Bg4 6. Be3 Nf6 7. e5 Nfd7 8. Qd2
f6 9. Bh6 O-O 10. Bxg7 Kxg7 11. Ng5 Bf5 12. g4 fxg5 13. gxf5 Rxf5 14. Bd3 Nxe5
15. dxe5 Rxe5+ 16. Ne2 Nd7 17. O-O-O Nf6 18. f4 gxf4 19. Nxf4 Qd6 20. Rhg1 Kf7
21. Qf2 Ke8 22. c3 Kd7 23. Bc2 Kc7 24. Nd3 Rf5 25. Qe3 e5 26. Nf2 e4 27. Rg2
Rf3 28. Qg5 Re8 29. Re1 Re5 30. Qh6 Rh5 31. Qg7+ Nd7 32. Ng4 Qf4+ 33. Kd1 Rh4
34. h3 Rfxh3 35. Reg1 Rh1 0-1

[Event "4th Int. Chess Festival ad Gredine Open "]
[Site "Ortisei - St. Ulrich"]
[Date "2018.06.17"]
[Round "2"]
[White "Pojer, Romeo"]
[Black "Molina, Fabrizio"]
[Result "0-1"]
[WhiteElo "2070"]
[BlackElo "2212"]
[PlyCount "62"]
[EventDate "2018.06.16"]

1. e4 d6 2. d4 Nf6 3. Nc3 Nbd7 4. Be3 e5 5. Nf3 Be7 6. h3 c6 7. Qd2 b5 8. Bd3
O-O 9. a4 b4 10. Ne2 c5 11. c3 Bb7 12. Ng3 d5 13. exd5 bxc3 14. bxc3 cxd4 15.
cxd4 Nxd5 16. O-O Nxe3 17. fxe3 exd4 18. exd4 Bxf3 19. Rxf3 Ne5 20. dxe5 Qd4+
21. Kh2 Qxa1 22. Qf4 Bc5 23. Nf5 Qg1+ 24. Kg3 Qe1+ 25. Kg4 g6 26. Nh6+ Kg7 27.
Nf5+ Kh8 28. Nh6 f5+ 29. exf6 Rad8 30. Kg5 Rd4 31. Re3 Rd5+ 0-1

[Event "4th Int. Chess Festival ad Gredine Open "]
[Site "Ortisei - St. Ulrich"]
[Date "2018.06.17"]
[Round "2"]
[White "Bianco, Valerio"]
[Black "Bosbach, Gerhard"]
[Result "0-1"]
[WhiteElo "2038"]
[BlackElo "2161"]
[PlyCount "72"]
[EventDate "2018.06.16"]

1. d4 Nf6 2. Bf4 e6 3. e3 c5 4. c3 d5 5. Nf3 Nc6 6. Nbd2 Be7 7. Ne5 Nxe5 8.
dxe5 Nd7 9. Bd3 a6 10. h4 h5 11. Nf3 Nf8 12. Qe2 Bd7 13. Rd1 Qa5 14. a3 Bb5 15.
O-O Bxd3 16. Qxd3 Qb5 17. Qc2 Ng6 18. Bg3 Qc4 19. Rfe1 Rd8 20. e4 d4 21. Nd2
Qb5 22. Nf3 d3 23. Qb1 c4 24. Qa2 Qc5 25. a4 b5 26. b3 O-O 27. b4 Qb6 28. axb5
axb5 29. Qd2 Ra8 30. Ra1 Qb7 31. Ng5 Rxa1 32. Rxa1 Ra8 33. Qd1 Rxa1 34. Qxa1
Bxg5 35. hxg5 h4 36. Bh2 Qxe4 0-1

[Event "4th Int. Chess Festival ad Gredine Open "]
[Site "Ortisei - St. Ulrich"]
[Date "2018.06.17"]
[Round "2"]
[White "Gramb, Marius"]
[Black "Fehr, Axel"]
[Result "0-1"]
[WhiteElo "2155"]
[BlackElo "2008"]
[PlyCount "66"]
[EventDate "2018.06.16"]

1. d4 g6 2. e4 Bg7 3. Nc3 d6 4. f4 Nf6 5. Nf3 Nc6 6. Bd3 Bg4 7. Be3 e5 8. fxe5
dxe5 9. d5 Nd4 10. Be2 Bxf3 11. Bxf3 O-O 12. O-O c6 13. dxc6 bxc6 14. Ne2 Nxf3+
15. gxf3 Qe7 16. Qd3 Rfd8 17. Qc4 Nh5 18. Kh1 Qf6 19. c3 Rd7 20. f4 Rad8 21. f5
Qh4 22. fxg6 hxg6 23. Rg1 Qh3 24. Ng3 Rd2 25. Bxd2 Rxd2 26. Ne2 Qf3+ 27. Rg2
Bh6 28. b4 Be3 29. a4 Bf2 30. Ng1 Bxg1 31. Raxg1 Ng3+ 32. hxg3 Qh5+ 33. Rh2
Qxh2# 0-1

[Event "4th Int. Chess Festival ad Gredine Open "]
[Site "Ortisei - St. Ulrich"]
[Date "2018.06.17"]
[Round "2"]
[White "Dev, Shah"]
[Black "Uhl, Michael"]
[Result "1/2-1/2"]
[WhiteElo "1997"]
[BlackElo "2116"]
[PlyCount "49"]
[EventDate "2018.06.16"]

1. d4 d5 2. Bf4 c5 3. e3 Nc6 4. c3 Nf6 5. Nd2 Qb6 6. Qb3 c4 7. Qc2 Bg4 8. Ngf3
e6 9. Be2 Be7 10. O-O O-O 11. b3 Bf5 12. Qc1 cxb3 13. axb3 Rfc8 14. Qb2 h6 15.
h3 Ne4 16. Nxe4 Bxe4 17. Nd2 Bg6 18. Rfc1 a6 19. Ra4 Qd8 20. Rca1 Bd6 21. Bxd6
Qxd6 22. b4 Rab8 23. f4 f6 24. Rf1 Ne7 25. Nb3 1/2-1/2

[Event "4th Int. Chess Festival ad Gredine Open "]
[Site "Ortisei - St. Ulrich"]
[Date "2018.06.17"]
[Round "2"]
[White "Riebel, Werner"]
[Black "Kostov, Deyan Samuil"]
[Result "1-0"]
[WhiteElo "2113"]
[BlackElo "1894"]
[PlyCount "59"]
[EventDate "2018.06.16"]

1. d4 d5 2. Bg5 Nf6 3. e3 e6 4. Nd2 Nbd7 5. f4 Be7 6. Bd3 c5 7. c3 b6 8. Nh3
Bb7 9. Nf2 O-O 10. O-O a6 11. Qe2 b5 12. a3 c4 13. Bc2 a5 14. g4 b4 15. axb4
axb4 16. Nf3 b3 17. Rxa8 Bxa8 18. Bb1 Ne8 19. Bxe7 Qxe7 20. e4 Qd6 21. e5 Qe7
22. Ng5 g6 23. Qe3 h6 24. Nf3 Kh7 25. f5 Rg8 26. Kh1 Nb6 27. Nh3 Bc6 28. Nhg5+
hxg5 29. Nxg5+ Kh6 30. Nxe6+ 1-0

[Event "4th Int. Chess Festival ad Gredine Open "]
[Site "Ortisei - St. Ulrich"]
[Date "2018.06.18"]
[Round "3"]
[White "Gholami, Aryan"]
[Black "Vocaturo, Daniele"]
[Result "1-0"]
[WhiteElo "2490"]
[BlackElo "2608"]
[PlyCount "116"]
[EventDate "2018.06.16"]

1. Nf3 Nf6 2. g3 g6 3. b3 Bg7 4. Bb2 O-O 5. Bg2 d5 6. c4 Nc6 7. d3 Re8 8. cxd5
Nxd5 9. Bxg7 Kxg7 10. Qd2 e5 11. O-O Nd4 12. Nxd4 exd4 13. Qb2 Nf6 14. Na3 Rb8
15. Rac1 Qe7 16. b4 Qxe2 17. Qxd4 c6 18. Nc4 Qe7 19. Qxa7 Bf5 20. Qa3 Rbd8 21.
Rfd1 Nd5 22. Qb2+ Qf6 23. Qxf6+ Kxf6 24. a3 Re7 25. d4 Nc7 26. a4 Red7 27. Nb6
Rxd4 28. Rxd4 Rxd4 29. b5 cxb5 30. Bxb7 bxa4 31. Rxc7 Be6 32. Bc8 Bb3 33. Ra7
g5 34. g4 Ke5 35. Bd7 Rd6 36. Nxa4 Rd1+ 37. Kg2 Bd5+ 38. f3 Rd2+ 39. Kg3 Rd3
40. Ra5 Rxf3+ 41. Kg2 Ra3+ 42. Kf2 Kd4 43. Rb5 Rf3+ 44. Kg1 Rd3 45. Nb6 Bf3 46.
Rxg5 Rd2 47. Rf5 Be4 48. Rxf7 Rg2+ 49. Kf1 Rxh2 50. Bf5 Bf3 51. Re7 h5 52. g5
Rg2 53. g6 Rg5 54. Rf7 h4 55. Bc2 Bh5 56. Rf5 Rxf5+ 57. Bxf5 Bxg6 58. Bxg6 Ke3
1-0

[Event "4th Int. Chess Festival ad Gredine Open "]
[Site "Ortisei - St. Ulrich"]
[Date "2018.06.18"]
[Round "3"]
[White "Santos Latasa, Jaime"]
[Black "Jaracz, Pawel"]
[Result "1-0"]
[WhiteElo "2567"]
[BlackElo "2467"]
[PlyCount "53"]
[EventDate "2018.06.16"]

1. e4 e5 2. Nf3 Nc6 3. Bb5 a6 4. Ba4 Nf6 5. O-O Nxe4 6. d4 b5 7. Bb3 d5 8. dxe5
Be6 9. Qe2 Nc5 10. Rd1 Qd7 11. Be3 Be7 12. c4 bxc4 13. Bxc4 Na5 14. Bxd5 Bxd5
15. Nc3 Bxf3 16. Qxf3 Qc6 17. Nd5 Ne6 18. Rac1 Qb7 19. Rxc7 Nxc7 20. Nxc7+ Qxc7
21. Qxa8+ Bd8 22. Bg5 f6 23. exf6 Nb7 24. fxg7 Rg8 25. Bxd8 Nxd8 26. Qe4+ Qe7
27. Qa4+ 1-0

[Event "4th Int. Chess Festival ad Gredine Open "]
[Site "Ortisei - St. Ulrich"]
[Date "2018.06.18"]
[Round "3"]
[White "Tan, Justin"]
[Black "Tarlev, Konstantin"]
[Result "1/2-1/2"]
[WhiteElo "2484"]
[BlackElo "2552"]
[PlyCount "26"]
[EventDate "2018.06.16"]

1. e4 e5 2. Nf3 Nc6 3. Bb5 a6 4. Ba4 Nf6 5. O-O Be7 6. Re1 b5 7. Bb3 O-O 8. a4
Bb7 9. Nc3 Nd4 10. Nxd4 exd4 11. Nd5 Nxd5 12. Bxd5 Bxd5 13. exd5 Bf6 1/2-1/2